000 00558nam a2200181Ia 4500
008 100921s9999 xx 000 0 und d
082 _b18666
_a891.463 थ 83
100 _aभारद्वाज मंदाकिनी.
245 _aभुरळ.
260 _bदिपाली प्रकाशन, कल्याण.
_c1983
300 _a187
_b---
365 _b32
520 _aललित-कादंबरी.
630 _aभुरळ.
650 _aललित-कादंबरी.
730 _aभुरळ.
942 _cBOOK
999 _c767779
_d767776